| 000 | 00529nam a22001817a 4500 | ||
|---|---|---|---|
| 003 | CEME | ||
| 005 | 20210628202557.0 | ||
| 008 | 210122b xxu||||| |||| 00| 0 eng d | ||
| 020 | _a81-7888-237-X | ||
| 040 | _c. | ||
| 082 | _a515.35 SIN | ||
| 100 |
_aSingh, U.P Denis, R.Y Dubey, S.K.D Singh , K.N _960562 |
||
| 245 | _aDifferential equations and integral transforms | ||
| 260 |
_aNEW DELHI _bDOMINANT PUBLISHER _c2005 |
||
| 300 | _a480 P | ||
| 650 |
_aDIFFERENTIAL EQUATIONS. INTEGRAL TRANSFORMS _960563 |
||
| 942 |
_cBK _2ddc |
||
| 999 |
_c570263 _d570263 |
||